Final Cut Express 4 editing workshop / (Record no. 33211)
[ view plain ]
| 000 -LEADER | |
|---|---|
| fixed length control field | 00984cam a22002534a 4500 |
| 005 - DATE AND TIME OF LATEST TRANSACTION | |
| control field | 20230804142824.0 |
| 008 - FIXED-LENGTH DATA ELEMENTS--GENERAL INFORMATION | |
| fixed length control field | 080219s2008 ne a 001 0 eng |
| 010 ## - LIBRARY OF CONGRESS CONTROL NUMBER | |
| LC control number | 2008007677 |
| 020 ## - INTERNATIONAL STANDARD BOOK NUMBER | |
| ISBN | 9780240810775 (pbk. : alk. paper) |
| 040 ## - CATALOGING SOURCE | |
| Original cataloging agency | DLC |
| Transcribing agency | DLC |
| Modifying agency | DLC |
| 042 ## - AUTHENTICATION CODE | |
| Authentication code | pcc |
| 082 00 - DEWEY DECIMAL CLASSIFICATION NUMBER | |
| Classification number | 006.696 |
| Edition number | 22 |
| Item number | WOL-F |
| 100 1# - MAIN ENTRY--AUTHOR | |
| Author Name | Wolsky, Tom. |
| 245 10 - TITLE STATEMENT | |
| Title | Final Cut Express 4 editing workshop / |
| Statement of responsibility, etc. | Tom Wolsky. |
| 260 ## - PUBLICATION, DISTRIBUTION, ETC. | |
| Place of Publication | Amsterdam ; |
| -- | Boston : |
| Name of publisher, distributor, etc. | Focal Press, |
| Date of publication, distribution, etc. | c2008. |
| 300 ## - PHYSICAL DESCRIPTION | |
| Pages | xvii, 326 p. : |
| 500 ## - GENERAL NOTE | |
| General note | Includes index. |
| 650 #0 - SUBJECT ADDED ENTRY--TOPICAL TERM | |
| Subject / Department | Digital video |
| General subdivision | Editing |
| -- | Data processing. |
| 650 #0 - SUBJECT ADDED ENTRY--TOPICAL TERM | |
| Subject / Department | Motion pictures |
| General subdivision | Editing |
| -- | Data Processing. |
| 300 ## - PHYSICAL DESCRIPTION | |
| -- | ill. ; |
| -- | 24 cm + 1 CD-Rom (4 3/4 in.) |
| 856 41 - | |
| -- | Table of contents only |
| -- | http://www.loc.gov/catdir/toc/fy0805/2008007677.html |
| 906 ## - LOCAL DATA ELEMENT F, LDF (RLIN) | |
| a | 7 |
| b | cbc |
| c | orignew |
| d | 1 |
| e | ecip |
| f | 20 |
| g | y-gencatlg |
| 952 ## - LOCATION AND ITEM INFORMATION (KOHA) | |
| -- | 0 |
| -- | 0 |
| Lost status | Damaged status | Permanent Location | Current Location | Shelving Location | Date acquired | Full Call Number | Accession No./Barcode | Date last seen | item type |
|---|---|---|---|---|---|---|---|---|---|
| Superior Information Resource Center (SIRC) Superior University- Gold Campus | Superior Information Resource Center (SIRC) Superior University- Gold Campus | Graphic design | 08/04/2023 | 006.696 WOL-F 2008 | 19583 | 08/04/2023 | BOOK |
